UN DIA EN LA VIDA/

Gorde:
Xehetasun bibliografikoak
Egile nagusia: Argueta, Manlio (autor)
Formatua: Liburua
Edizioa:2a edición
Saila:PREMIO NACIONAL UCA
Gaiak:
Etiketak: Etiketa erantsi
Etiketarik gabe, Izan zaitez lehena erregistro honi etiketa jartzen!

MARC

LEADER 00000nam^a2200000^a^4500
001 000224509
005 20250521000000.0
009 20260310104052.104
035 |a 043613 
037 |a Acervo Xavier Clavigero 
082 |a 863. 44  |b ARG V.1 
100 |a Argueta, Manlio  |e (autor) 
245 1 3 |a UN DIA EN LA VIDA/  |c MANLIO ARGUETA 
250 |a 2a edición 
264 |a SAN SALVADOR :  |b UCA,  |c 1985 
300 |a V.- 
336 |a texto  |b txt  |2 rdacontenido 
337 |a sin mediación  |b n  |2 rdamedio 
338 |a volumen  |b nc  |2 rdasoporte 
440 |a PREMIO NACIONAL UCA 
649 |a XX 
650 |a NOVELA SALVADOREÑA -  |x SIGLO XX 
650 |a LITERATURA SALVADOREÑA -  |x SIGLO XX 
910 |a Fondo General 
920 |a Impresos - Libros 
930 |a Colección General 
940 |a Literatura 
905 |a 101 
901 |a 043613  |b IT1  |c LIT  |i 043613  |u 20250521 
902 |a https://opac.biblio.iteso.mx/vufind/Record/000224509